Gia đình và giáo dục gia đình
Trình bày khái niệm về gia đình, những vấn đề liên quan đến gia đình và chức năng giáo dục của gia đình Việt Nam. Phân tích một số vấn đề đặt ra đối với gia đình và giáo dục gia đình ở nước ta hiện nay...
সংরক্ষণ করুন:
| প্রধান লেখক: | |
|---|---|
| বিন্যাস: | গ্রন্থ |
| ভাষা: | Undetermined |
| প্রকাশিত: |
Hà Nội
Chính trị Quốc gia
2014
|
| বিষয়গুলি: | |
| ট্যাগগুলো: |
ট্যাগ যুক্ত করুন
কোনো ট্যাগ নেই, প্রথমজন হিসাবে ট্যাগ করুন!
|
| Thư viện lưu trữ: | Trung tâm Học liệu Trường Đại học Cần Thơ |
|---|
| LEADER | 00933nam a2200205Ia 4500 | ||
|---|---|---|---|
| 001 | CTU_199892 | ||
| 008 | 210402s9999 xx 000 0 und d | ||
| 020 | |c 45000 | ||
| 082 | |a 649.09597 | ||
| 082 | |b Th523 | ||
| 100 | |a Nguyễn, Thị Phương Thủy | ||
| 245 | 0 | |a Gia đình và giáo dục gia đình | |
| 245 | 0 | |c Nguyễn Thị Phương Thủy, Nguyễn Thị Thọ | |
| 260 | |a Hà Nội | ||
| 260 | |b Chính trị Quốc gia | ||
| 260 | |c 2014 | ||
| 520 | |a Trình bày khái niệm về gia đình, những vấn đề liên quan đến gia đình và chức năng giáo dục của gia đình Việt Nam. Phân tích một số vấn đề đặt ra đối với gia đình và giáo dục gia đình ở nước ta hiện nay | ||
| 650 | |a Family,Gia đình | ||
| 904 | |i Bằng | ||
| 980 | |a Trung tâm Học liệu Trường Đại học Cần Thơ | ||